000 00777nam a2200217Ia 4500
001 19507
003 GE_BSU
008 181216s||||||||xx |||||||||||||| ||und||
040 _cGE_BSU
080 _a811.353.1'35
100 _aთოფურია, ვარლამ
245 _aქართული ენა და მართლწერის ზოგიერთი საკითხი
245 _cრედ.: გიორგი ახვლედიანი
260 _aთბილისი
260 _bნაკადული
260 _c1988
300 _a95გვ;19სმ.
541 _h50თ.
653 _aქართული ენის ორთოგრაფია; ქართული მართლწერა;
942 _cBK
999 _c52484
_d52484